[Event "WTCC-50 2018"]
[Site "Radebeul"]
[Date "2018.07.13"]
[Round "7"]
[White "Tolhuizen, Ludo"]
[Black "Goh, Cheng Hong"]
[Result "1/2-1/2"]
[WhiteElo "2118"]
[BlackElo "2323"]
[Annotator "NA"]
[PlyCount "29"]
[EventDate "2018.07.07"]
[EventType "team-tourn"]
[EventCountry "GER"]
[SourceTitle "playchess.com"]
[Source "ChessBase"]
[SourceQuality "1"]
[TimeControl "40/5400+30:1800+30"]

1. d4 {[%emt 0:00:00]} g6 {[%emt 0:00:14]} 2. e4 {[%emt 0:00:00]} Bg7 {[%emt 0:00:05]} 3. Nc3 {[%emt 0:00:00]} c5 {[%emt 0:00:21]} 4. d5 {[%emt 0:00:40]} d6 {[%emt 0:00:11]} 5. Bb5+ {[%emt 0:00:12]} Bd7 {[%emt 0:00:14]} 6. a4 {[%emt 0:00:05]} Nf6 {[%emt 0:00:38]} 7. Nf3 {[%emt 0:00:12]} O-O {[%emt 0:00:18]} 8. O-O {[%emt 0:00:05]} Na6 {[%emt 0:00:45]} 9. Re1 {[%emt 0:00:28]} Nc7 {[%emt 0:03:07]} 10. Bf1 {[%emt 0:00:10]} e5 {[%emt 0:01:34]} 11. dxe6 {[%emt 0:08:12]} Bxe6 {[%emt 0:00:02]} 12. Bf4 {[%emt 0:00:36]} Nfe8 {[%emt 0:04:06]} 13. Qd2 {[%emt 0:04:37]} d5 {[%emt 0:12:56]} 14. exd5 {[%emt 0:11:01]} Nxd5 {[%emt 0:04:57]} 15. Nxd5 1/2-1/2

[Event "WTCC-50 2018"]
[Site "Radebeul"]
[Date "2018.07.13"]
[Round "7"]
[White "Scheckenbach, Franz"]
[Black "Kaster, Juergen"]
[Result "1/2-1/2"]
[WhiteElo "2106"]
[BlackElo "2117"]
[Annotator "NA"]
[PlyCount "84"]
[EventDate "2018.07.07"]
[EventType "team-tourn"]
[EventCountry "GER"]
[SourceTitle "playchess.com"]
[Source "ChessBase"]
[SourceQuality "1"]
[TimeControl "40/5400+30:1800+30"]

1. e4 {[%emt 0:00:00]} d6 {[%emt 0:01:14]} 2. d4 {[%emt 0:00:00]} e5 {[%emt 0:01:21]} 3. Nf3 {[%emt 0:00:35]} Nc6 {[%emt 0:01:32]} 4. h3 {[%emt 0:04:11]} Be7 {[%emt 0:02:30]} 5. Bc4 {[%emt 0:01:17]} Nf6 {[%emt 0:01:22]} 6. Nc3 {[%emt 0:02:40]} O-O {[%emt 0:00:57]} 7. O-O {[%emt 0:00:55]} Nxe4 {[%emt 0:04:20]} 8. Nxe4 {[%emt 0:01:24]} d5 {[%emt 0:00:43]} 9. Nc3 {[%emt 0:10:57]} dxc4 {[%emt 0:00:50]} 10. d5 {[%emt 0:02:38]} Na5 {[%emt 0:05:03]} 11. Nxe5 {[%emt 0:02:47]} Bd6 {[%emt 0:02:15]} 12. Qd4 {[%emt 0:08:52]} Bxe5 {[%emt 0:03:28]} 13. Qxe5 {[%emt 0:00:11]} Re8 {[%emt 0:01:40]} 14. Qg3 {[%emt 0:06:21]} c6 {[%emt 0:12:35]} 15. Bf4 {[%emt 0:03:09]} Qf6 {[%emt 0:10:16]} 16. dxc6 {[%emt 0:07:43]} bxc6 {[%emt 0:11:47]} 17. Rad1 {[%emt 0:02:00]} Bf5 {[%emt 0:06:34]} 18. Rd6 {[%emt 0:04:26]} Re6 {[%emt 0:02:13]} 19. Rd2 {[%emt 0:03:30]} Rae8 {[%emt 0:02:50]} 20. Be3 {[%emt 0:01:31]} a6 {[%emt 0:08:27]} 21. Rfd1 {[%emt 0:12:28]} Qg6 {[%emt 0:02:39]} 22. Qxg6 {[%emt 0:00:55]} Bxg6 {[%emt 0:04:05]} 23. Bb6 {[%emt 0:02:29]} Nb7 {[%emt 0:03:18]} 24. Rd7 {[%emt 0:03:34]} R6e7 {[%emt 0:00:39]} 25. R1d2 {[%emt 0:03:54]} Bf5 {[%emt 0:01:02]} 26. Rxe7 {[%emt 0:00:56]} Rxe7 {[%emt 0:00:02]} 27. g4 {[%emt 0:01:17]} Be6 {[%emt 0:01:37]} 28. Kg2 {[%emt 0:02:43]} Rd7 {[%emt 0:00:42]} 29. Rxd7 {[%emt 0:00:54]} Bxd7 {[%emt 0:00:02]} 30. Kf3 {[%emt 0:00:38]} h5 {[%emt 0:01:06]} 31. Kf4 {[%emt 0:00:58]} f6 {[%emt 0:00:40]} 32. f3 {[%emt 0:01:10]} h4 {[%emt 0:02:25]} 33. Ne4 {[%emt 0:01:06]} Kf7 {[%emt 0:01:44]} 34. c3 {[%emt 0:04:21]} Ke6 {[%emt 0:00:30]} 35. Nc5+ {[%emt 0:01:42]} Nxc5 {[%emt 0:00:09]} 36. Bxc5 {[%emt 0:00:05]} Kd5 {[%emt 0:00:46]} 37. Bf8 {[%emt 0:00:41]} g6 {[%emt 0:01:28]} 38. Bg7 {[%emt 0:00:39]} Ke6 {[%emt 0:00:12]} 39. Bf8 {[%emt 0:01:20]} Kd5 {[%emt 0:00:01]} 40. Be7 {[%emt 0:01:00]} Ke6 {[%emt 0:01:59]} 41. Bd8 {[%emt 0:30:22]} Kf7 {[%emt 0:06:48]} 42. Ke3 {[%emt 0:00:00]} Ke8 1/2-1/2

[Event "WTCC-50 2018"]
[Site "Radebeul"]
[Date "2018.07.13"]
[Round "7"]
[White "Haentsch, Ralf"]
[Black "Dietze, Frank"]
[Result "0-1"]
[WhiteElo "2085"]
[BlackElo "2203"]
[Annotator "NA"]
[PlyCount "131"]
[EventDate "2018.07.07"]
[EventType "team-tourn"]
[EventCountry "GER"]
[SourceTitle "playchess.com"]
[Source "ChessBase"]
[SourceQuality "1"]
[TimeControl "40/5400+30:1800+30"]

1. e4 {[%emt 0:00:00]} c5 {[%emt 0:00:00]} 2. Nc3 {[%emt 0:00:03]} Nc6 {[%emt 0:00:00]} 3. g3 {[%emt 0:00:30]} g6 {[%emt 0:00:43]} 4. Bg2 {[%emt 0:00:18]} Bg7 {[%emt 0:00:19]} 5. d3 {[%emt 0:00:28]} d6 {[%emt 0:01:53]} 6. Be3 {[%emt 0:00:32]} e5 {[%emt 0:00:27]} 7. Qd2 {[%emt 0:01:35]} Nge7 {[%emt 0:00:23]} 8. Bh6 {[%emt 0:02:33]} Bxh6 {[%emt 0:00:06]} 9. Qxh6 {[%emt 0:00:02]} Nd4 {[%emt 0:00:06]} 10. Qd2 {[%emt 0:05:10]} Be6 {[%emt 0:00:06]} 11. Nd1 {[%emt 0:03:35] B26: Closed Sicilian: 3 g3, lines with early Be3} (11. Nd5 Nxd5 12. exd5 Bd7 13. c3 Nf5 14. Nf3 O-O 15. h4 h5 16. Ng5 b5 17. Ne4 Kg7 18. f3 Rh8 {0-1 (82) Krapivin,A (2500)-Sjugirov,S (2612) St Petersburg 2009}) 11... d5 {[%emt 0:02:39]} 12. c3 {[%emt 0:05:14]} Ndc6 {[%emt 0:00:39]} 13. Nf3 $146 {[%emt 0:10:35]} ({Predecessor:} 13. Qc2 Rb8 14. Ne2 Qd7 15. h3 O-O 16. f3 b5 17. Nf2 b4 18. O-O Rb7 {½-½ (53) Egreteau,E (2084)-Romain,X (1892) Avoine 2008}) 13... f6 {[%emt 0:04:37]} 14. Qe2 {[%emt 0:09:03]} Qd7 {[%emt 0:08:41]} 15. Nd2 {[%emt 0:06:46]} O-O-O {[%emt 0:01:56]} 16. b3 {[%emt 0:07:08]} f5 {[%emt 0:05:45]} 17. f3 {[%emt 0:06:42]} h5 {[%emt 0:05:11]} 18. h3 {[%emt 0:05:55]} g5 {[%emt 0:05:33]} 19. Nf2 {[%emt 0:01:47]} fxe4 {[%emt 0:08:15]} 20. fxe4 {[%emt 0:09:19]} d4 {[%emt 0:00:48]} 21. c4 {[%emt 0:01:25]} Rdg8 {[%emt 0:05:41]} 22. Bf3 {[%emt 0:05:16]} Nb4 {[%emt 0:01:33]} 23. Kd1 {[%emt 0:02:27]} g4 {[%emt 0:04:43]} 24. hxg4 {[%emt 0:01:19]} hxg4 {[%emt 0:00:02]} 25. Bg2 {[%emt 0:05:12]} Rxh1+ {[%emt 0:02:53]} 26. Bxh1 {[%emt 0:00:02]} Ng6 {[%emt 0:06:47]} 27. a3 {[%emt 0:00:27]} Nc6 {[%emt 0:00:03]} 28. Kc2 {[%emt 0:00:43]} Nf8 {[%emt 0:01:07]} 29. Bg2 {[%emt 0:00:29]} Qd8 {[%emt 0:00:22]} 30. Rh1 {[%emt 0:01:58]} Qa5 {[%emt 0:00:51]} 31. Nb1 {[%emt 0:00:28]} b5 {[%emt 0:01:39]} 32. Kb2 {[%emt 0:02:57]} bxc4 {[%emt 0:02:50]} 33. dxc4 {[%emt 0:01:50]} Qb6 {[%emt 0:02:34]} 34. Qc2 {[%emt 0:01:08]} Na5 {[%emt 0:04:16]} 35. Nd2 {[%emt 0:00:11]} Bf7 {[%emt 0:02:02]} 36. Bf1 {[%emt 0:00:30]} Qf6 {[%emt 0:01:16]} 37. Rh2 {[%emt 0:01:47]} Nd7 {[%emt 0:03:22]} 38. Be2 {[%emt 0:00:20]} Be6 {[%emt 0:00:14]} 39. Qd1 {[%emt 0:00:59]} Qg5 {[%emt 0:00:50]} 40. Rh4 {[%emt 0:02:13]} Qe3 {[%emt 0:00:33]} 41. Bxg4 {[%emt 0:09:07]} Qc3+ {[%emt 0:01:39]} 42. Ka2 {[%emt 0:02:43]} Bxg4 {[%emt 0:02:40]} 43. Rxg4 {[%emt 0:02:00]} Rf8 {[%emt 0:10:50]} 44. Nh3 {[%emt 0:03:01]} Qd3 {[%emt 0:00:10]} 45. Qc1 {[%emt 0:04:20]} Nf6 {[%emt 0:01:37]} 46. Rg5 {[%emt 0:01:56]} Nxe4 {[%emt 0:01:17]} 47. Rxe5 {[%emt 0:00:33]} Nxd2 {[%emt 0:05:33]} 48. Rxc5+ {[%emt 0:01:58]} Nc6 {[%emt 0:00:09]} 49. Nf4 $2 {[%emt 0:02:15]} (49. Qd1) 49... Qxb3+ {[%emt 0:07:17]} 50. Ka1 {[%emt 0:00:02]} Qb6 {[%emt 0:00:25]} 51. Rxc6+ {[%emt 0:02:02]} Qxc6 {[%emt 0:00:13]} 52. Qxd2 {[%emt 0:00:21]} Qxc4 {[%emt 0:00:00]} 53. Kb2 {[%emt 0:03:09]} Rf7 {[%emt 0:02:03]} 54. Qc2 $19 {[%emt 0:01:05]} Rb7+ {[%emt 0:00:56]} 55. Kc1 {[%emt 0:00:15]} Rc7 {[%emt 0:00:02]} 56. Qxc4 {[%emt 0:00:10]} Rxc4+ {[%emt 0:00:01]} 57. Kb2 {[%emt 0:00:46]} Rc3 {[%emt 0:00:40]} 58. Ne2 {[%emt 0:00:28]} Rd3 {[%emt 0:00:08]} 59. Kc2 {[%emt 0:00:28]} Rxa3 {[%emt 0:00:16]} 60. Kd2 {[%emt 0:00:33]} a5 {[%emt 0:01:20]} 61. g4 {[%emt 0:00:17]} Ra2+ {[%emt 0:00:11]} 62. Kd3 {[%emt 0:00:46]} Rxe2 {[%emt 0:00:01]} 63. Kxe2 {[%emt 0:00:09]} a4 {[%emt 0:00:02]} 64. g5 {[%emt 0:00:33]} Kd7 {[%emt 0:00:12]} 65. Kd3 {[%emt 0:01:10]} a3 66. Kxd4 0-1

[Event "WTCC-50 2018"]
[Site "Radebeul"]
[Date "2018.07.13"]
[Round "7"]
[White "Nazarenus, Olaf"]
[Black "Rohrmueller, Ulrich"]
[Result "0-1"]
[WhiteElo "2082"]
[BlackElo "2205"]
[Annotator "NA"]
[PlyCount "86"]
[EventDate "2018.07.07"]
[EventType "team-tourn"]
[EventCountry "GER"]
[SourceTitle "playchess.com"]
[Source "ChessBase"]
[SourceQuality "1"]
[TimeControl "40/5400+30:1800+30"]

1. d4 {[%emt 0:00:00]} e6 {[%emt 0:00:00]} 2. Nf3 {[%emt 0:00:01]} Nf6 {[%emt 0:00:00]} 3. e3 {[%emt 0:00:45]} b6 {[%emt 0:00:12]} 4. b3 {[%emt 0:00:59]} Bb7 {[%emt 0:00:12]} 5. Bb2 {[%emt 0:00:13]} c5 {[%emt 0:00:42]} 6. Nbd2 {[%emt 0:01:37]} Nc6 {[%emt 0:00:57]} 7. Rc1 {[%emt 0:12:00]} cxd4 {[%emt 0:06:45]} 8. exd4 {[%emt 0:02:43]} Be7 {[%emt 0:00:21]} 9. c4 {[%emt 0:00:19]} O-O {[%emt 0:01:59]} 10. Bd3 {[%emt 0:00:09]} d5 {[%emt 0:01:32]} 11. O-O {[%emt 0:01:20]} Rc8 {[%emt 0:00:14]} 12. Bb1 {[%emt 0:03:57]} Re8 {[%emt 0:03:24]} 13. Ne5 {[%emt 0:07:50]} dxc4 {[%emt 0:06:29]} 14. Ndxc4 {[%emt 0:08:26]} Nb4 {[%emt 0:04:12]} 15. f4 {[%emt 0:15:54]} b5 16. Ne3 {[%emt 0:02:22]} Rxc1 {[%emt 0:16:39]} 17. Bxc1 {[%emt 0:01:36]} Nbd5 {[%emt 0:01:05]} 18. N3g4 Nxg4 {[%emt 0:03:17]} 19. Qxg4 {[%emt 0:22:19]} f5 {[%emt 0:00:23]} 20. Qh5 {[%emt 0:03:12]} Rf8 {[%emt 0:00:13]} 21. Qf3 {[%emt 0:01:25]} Ba8 {[%emt 0:03:21]} 22. Qd3 {[%emt 0:01:44]} a6 {[%emt 0:01:44]} 23. Bd2 {[%emt 0:00:41]} Nf6 {[%emt 0:01:07]} 24. a4 {[%emt 0:03:03]} Qd5 25. Nf3 {[%emt 0:01:04]} Rc8 {[%emt 0:09:00]} 26. axb5 {[%emt 0:02:04]} axb5 {[%emt 0:00:18]} 27. Qe2 {[%emt 0:01:41]} Ne4 {[%emt 0:01:58]} 28. b4 {[%emt 0:04:59]} Bf6 {[%emt 0:05:25]} 29. Rd1 {[%emt 0:01:15]} Qb3 {[%emt 0:03:15]} 30. Bd3 {[%emt 0:00:45]} Bd5 {[%emt 0:02:21]} 31. Bxb5 {[%emt 0:00:13]} Nxd2 {[%emt 0:00:58]} 32. Rxd2 {[%emt 0:00:18]} Rc1+ {[%emt 0:04:52]} 33. Kf2 {[%emt 0:00:07]} Qxb4 {[%emt 0:00:20]} 34. Bd7 {[%emt 0:01:01]} Qd6 35. Qb5 {[%emt 0:00:44]} Bxf3 {[%emt 0:09:12]} 36. Kxf3 {[%emt 0:00:04]} h6 {[%emt 0:00:19]} 37. d5 {[%emt 0:00:21]} Rc3+ {[%emt 0:00:47]} 38. Ke2 {[%emt 0:01:09]} Qxf4 {[%emt 0:01:07]} 39. Bxe6+ {[%emt 0:00:27]} Kh7 {[%emt 0:00:06]} 40. Kd1 {[%emt 0:00:16]} Bg5 {[%emt 0:01:14]} 41. Qe2 {[%emt 0:03:39]} Qa4+ {[%emt 0:04:17]} 42. Ke1 {[%emt 0:00:14]} Bxd2+ {[%emt 0:00:09]} 43. Qxd2 {[%emt 0:00:07]} Qe4+ 0-1

[Event "WTCC-50 2018"]
[Site "Radebeul"]
[Date "2018.07.13"]
[Round "7"]
[White "Fegan, Chris"]
[Black "Gempe, Thomas"]
[Result "0-1"]
[WhiteElo "2040"]
[BlackElo "2178"]
[Annotator "NA"]
[PlyCount "134"]
[EventDate "2018.07.07"]
[EventType "team-tourn"]
[EventCountry "GER"]
[SourceTitle "playchess.com"]
[Source "ChessBase"]
[SourceQuality "1"]
[TimeControl "40/5400+30:1800+30"]

1. d4 {[%emt 0:00:00]} Nf6 {[%emt 0:00:00]} 2. Bg5 {[%emt 0:00:00]} d5 {[%emt 0:01:08]} 3. Bxf6 {[%emt 0:00:04]} exf6 {[%emt 0:00:36]} 4. e3 {[%emt 0:00:10]} Be6 {[%emt 0:00:50]} 5. Ne2 {[%emt 0:01:48] D00: 1 d4 d5: Unusual lines} (5. g3 c6 6. Bg2 Qb6 7. b3 h5 8. h4 Nd7 9. Nd2 O-O-O 10. a3 Kb8 11. c4 dxc4 12. bxc4 Qa5 13. Qc2 Bb4 14. Ngf3 Bf5 15. Qa2 Bc3 {½-½ (15) Velilla Velasco,F (2557)-Straka,Z (2568) ICCF email 2015}) 5... Bd6 {[%emt 0:04:54]} 6. Nf4 {[%emt 0:02:22]} O-O {[%emt 0:05:41]} 7. Nxe6 {[%emt 0:01:57]} fxe6 {[%emt 0:02:25]} 8. c4 {[%emt 0:00:24]} c6 {[%emt 0:00:58]} 9. Nc3 {[%emt 0:00:56]} Nd7 {[%emt 0:01:08]} 10. Bd3 {[%emt 0:00:36]} f5 {[%emt 0:00:31]} 11. g4 $146 {[%emt 0:02:40]} ({Predecessor:} 11. cxd5 cxd5 12. Qb3 Nf6 {½-½ (50) Pomes Marcet,J (2410)-Gomez Esteban,J (2440) San Sebastian 1995}) 11... Qh4 {[%emt 0:25:02]} 12. gxf5 {[%emt 0:03:06]} e5 {[%emt 0:03:51]} 13. c5 {[%emt 0:30:57]} exd4 {[%emt 0:07:13]} 14. cxd6 {[%emt 0:05:28]} dxc3 {[%emt 0:04:22]} 15. bxc3 {[%emt 0:07:16]} Ne5 {[%emt 0:13:09]} 16. h3 {[%emt 0:12:38]} Rae8 {[%emt 0:07:16]} 17. Qe2 {[%emt 0:11:08]} Qf6 {[%emt 0:02:22]} 18. O-O-O {[%emt 0:02:25]} Qxd6 {[%emt 0:03:59]} 19. Kb1 {[%emt 0:08:41]} b5 {[%emt 0:05:19]} 20. e4 {[%emt 0:01:17]} Nc4 {[%emt 0:05:31]} 21. Bxc4 {[%emt 0:00:24]} bxc4 {[%emt 0:00:05]} 22. Ka1 {[%emt 0:01:30]} Qe5 {[%emt 0:00:38]} 23. Rd4 {[%emt 0:00:42]} c5 {[%emt 0:01:45]} 24. f4 Qxf4 {[%emt 0:00:58]} 25. Rxd5 {[%emt 0:01:22]} Rxe4 {[%emt 0:00:08]} 26. Rf1 {[%emt 0:01:44]} Rxe2 {[%emt 0:01:45]} 27. Rxf4 {[%emt 0:00:05]} Rb8 {[%emt 0:00:12]} 28. Rd1 {[%emt 0:01:15]} Rbb2 {[%emt 0:00:25]} 29. Rxc4 {[%emt 0:00:13]} Rxa2+ {[%emt 0:00:14]} 30. Kb1 {[%emt 0:00:05]} Reb2+ {[%emt 0:00:39]} 31. Kc1 {[%emt 0:00:08]} Rf2 {[%emt 0:00:18]} 32. Kb1 {[%emt 0:00:13]} Rab2+ {[%emt 0:00:37]} 33. Ka1 {[%emt 0:00:13]} Rb5 {[%emt 0:01:31]} 34. Rd5 {[%emt 0:02:04]} Rf3 {[%emt 0:00:46]} 35. h4 {[%emt 0:00:56]} Kf7 {[%emt 0:00:31]} 36. Rd7+ {[%emt 0:01:02]} Kf6 {[%emt 0:00:05]} 37. Rxa7 {[%emt 0:00:14]} Rxf5 {[%emt 0:00:21]} 38. Rc7 {[%emt 0:00:58]} h5 {[%emt 0:01:07]} 39. Rc6+ {[%emt 0:00:50]} Kf7 {[%emt 0:00:16]} 40. Rc7+ {[%emt 0:01:32]} Kg6 {[%emt 0:00:37]} 41. Ka2 {[%emt 0:03:13]} Kf6 {[%emt 0:10:14]} 42. Rc6+ {[%emt 0:08:58]} Kf7 {[%emt 0:05:46]} 43. Rc7+ {[%emt 0:04:58]} Kg6 {[%emt 0:01:26]} 44. Re4 {[%emt 0:03:01]} Rf6 {[%emt 0:01:08]} 45. Ra4 {[%emt 0:02:30]} Rf2+ {[%emt 0:04:50]} 46. Ka1 $17 {[%emt 0:02:23]} Rg2 {[%emt 0:01:07]} 47. c4 {[%emt 0:03:37]} Rb6 {[%emt 0:00:51]} 48. Raa7 {[%emt 0:02:48]} Kh6 {[%emt 0:01:03]} 49. Rxc5 {[%emt 0:01:11]} Rf6 {[%emt 0:00:30]} 50. Rb5 {[%emt 0:01:52]} Rg4 {[%emt 0:01:47]} 51. Rg5 {[%emt 0:00:41]} Rg6 {[%emt 0:03:01]} 52. Rc5 {[%emt 0:00:35]} Rxh4 {[%emt 0:00:31]} 53. Ra8 {[%emt 0:00:30]} Rg2 {[%emt 0:00:55]} 54. Rb8 {[%emt 0:00:34]} Rh1+ {[%emt 0:00:48]} 55. Rb1 {[%emt 0:00:06]} Rxb1+ {[%emt 0:00:07]} 56. Kxb1 {[%emt 0:00:05]} h4 {[%emt 0:00:07]} 57. Rc8 {[%emt 0:00:13]} Kh7 {[%emt 0:00:31]} 58. Rc5 {[%emt 0:00:51]} g5 {[%emt 0:00:18]} 59. Rc7+ {[%emt 0:00:45]} Kg6 {[%emt 0:00:11]} 60. Rc6+ {[%emt 0:00:17]} Kh5 {[%emt 0:00:43]} 61. Rc8 {[%emt 0:00:17]} h3 {[%emt 0:00:09]} 62. Rh8+ {[%emt 0:01:18]} Kg4 {[%emt 0:00:06]} 63. c5 {[%emt 0:00:08]} h2 {[%emt 0:00:04]} 64. c6 {[%emt 0:00:13]} Rg1+ {[%emt 0:00:05]} 65. Kc2 {[%emt 0:00:04]} h1=Q {[%emt 0:00:09]} 66. Rxh1 {[%emt 0:00:05]} Rxh1 {[%emt 0:00:07]} 67. c7 {[%emt 0:00:04]} Rh8 {[%emt 0:00:06]} 0-1

[Event "WTCC-50 2018"]
[Site "Radebeul"]
[Date "2018.07.13"]
[Round "7"]
[White "Jhunjhnuwala, Suresh"]
[Black "Polster, Wolfgang"]
[Result "0-1"]
[WhiteElo "1880"]
[BlackElo "2203"]
[Annotator "NA"]
[PlyCount "202"]
[EventDate "2018.07.07"]
[EventType "team-tourn"]
[EventCountry "GER"]
[SourceTitle "playchess.com"]
[Source "ChessBase"]
[SourceQuality "1"]
[TimeControl "40/5400+30:1800+30"]

1. e4 {[%emt 0:00:00]} e5 {[%emt 0:00:00]} 2. Nf3 {[%emt 0:00:06]} Nc6 {[%emt 0:00:01]} 3. Bc4 {[%emt 0:00:44]} Nf6 {[%emt 0:00:41]} 4. d3 {[%emt 0:00:26]} Bc5 {[%emt 0:01:11]} 5. O-O {[%emt 0:00:13]} d6 {[%emt 0:02:46]} 6. h3 {[%emt 0:00:28]} a6 {[%emt 0:01:12] C50: Hungarian Defence and Giuoco Pianissimo} 7. a4 {[%emt 0:04:20]} (7. c3 h6 8. a4 O-O 9. Re1 Re8 10. Nbd2 Ba7 11. b4 Qe7 12. Nf1 Nh5 13. Ne3 {1-0 (34) Kryvoruchko,Y (2689)-Mamedyarov,S (2799) Riadh 2017}) 7... Be6 {[%emt 0:04:28]} 8. Bxe6 {[%emt 0:02:31]} fxe6 {[%emt 0:00:07]} 9. c3 {[%emt 0:01:03]} Ba7 {[%emt 0:01:00]} 10. Qb3 {[%emt 0:00:59]} Qc8 {[%emt 0:02:23]} 11. Ng5 $146 {[%emt 0:07:50]} ({Predecessor:} 11. Be3 O-O 12. Nbd2 Nh5 13. Bxa7 Rxa7 14. d4 exd4 15. cxd4 {½-½ (73) Birkisson,B (2023)-Kruse,J (2096) Douglas 2017}) 11... Nd8 {[%emt 0:00:42]} 12. Re1 {[%emt 0:07:21]} h6 {[%emt 0:01:02]} 13. Nf3 {[%emt 0:00:07]} Nc6 {[%emt 0:01:43]} 14. Be3 {[%emt 0:00:54]} O-O {[%emt 0:03:03]} 15. Bxa7 {[%emt 0:01:07]} Rxa7 {[%emt 0:00:32]} 16. Nbd2 {[%emt 0:00:30]} Kh7 {[%emt 0:07:03]} 17. Nf1 {[%emt 0:01:44]} Nh5 {[%emt 0:02:15]} 18. Qd1 {[%emt 0:13:54]} Qe8 {[%emt 0:01:38]} 19. g3 {[%emt 0:14:46]} Qf7 {[%emt 0:01:34]} 20. N1h2 {[%emt 0:02:05]} Raa8 {[%emt 0:01:02]} 21. Rf1 {[%emt 0:01:21]} Qe7 {[%emt 0:04:51]} 22. Qe2 {[%emt 0:07:31]} g6 {[%emt 0:07:36]} 23. b4 {[%emt 0:00:30]} Qf6 {[%emt 0:10:07]} 24. b5 {[%emt 0:00:59]} Nb8 {[%emt 0:02:12]} 25. Rfb1 {[%emt 0:08:15]} b6 {[%emt 0:01:18]} 26. a5 {[%emt 0:02:24]} axb5 {[%emt 0:00:36]} 27. axb6 {[%emt 0:00:55]} Rxa1 {[%emt 0:00:53]} 28. Rxa1 {[%emt 0:00:02]} cxb6 {[%emt 0:02:23]} 29. Qb2 {[%emt 0:01:05]} Qe7 {[%emt 0:04:24]} 30. Qxb5 {[%emt 0:00:39]} Qc7 {[%emt 0:01:15]} 31. c4 {[%emt 0:05:42]} Nf6 {[%emt 0:04:49]} 32. Rb1 {[%emt 0:04:15]} Nbd7 {[%emt 0:00:58]} 33. Ra1 {[%emt 0:01:05]} Nc5 {[%emt 0:01:54]} 34. Ra3 {[%emt 0:01:00]} Nfd7 {[%emt 0:02:19]} 35. Qb1 {[%emt 0:00:19]} Qc6 {[%emt 0:01:54]} 36. Qc1 {[%emt 0:02:59]} Kg7 {[%emt 0:02:19]} 37. Qa1 {[%emt 0:01:39]} b5 {[%emt 0:00:28]} 38. Qc3 {[%emt 0:05:29]} Rb8 {[%emt 0:05:31]} 39. cxb5 {[%emt 0:00:21]} Qxb5 {[%emt 0:00:43]} 40. Ra7 {[%emt 0:00:30]} Qb6 {[%emt 0:02:02]} 41. Ra3 {[%emt 0:03:12]} Qb1+ {[%emt 0:05:18]} 42. Kg2 {[%emt 0:01:56]} Rb3 {[%emt 0:02:29]} 43. Rxb3 {[%emt 0:02:50]} Qxb3 {[%emt 0:00:25]} 44. Qxb3 {[%emt 0:03:18]} Nxb3 {[%emt 0:00:07]} 45. Ne1 {[%emt 0:00:10]} Ndc5 {[%emt 0:04:33]} 46. Kf3 {[%emt 0:00:13]} d5 {[%emt 0:05:59]} 47. Ke3 {[%emt 0:00:56]} h5 {[%emt 0:00:15]} 48. Nhf3 {[%emt 0:00:40]} Kf6 {[%emt 0:00:28]} 49. h4 {[%emt 0:00:27]} Na4 {[%emt 0:02:24]} 50. Nc2 {[%emt 0:07:03]} Nc3 {[%emt 0:03:12]} 51. Ng5 {[%emt 0:03:01]} d4+ {[%emt 0:04:08]} 52. Kf3 {[%emt 0:00:06]} Nc1 {[%emt 0:00:30]} 53. Nb4 {[%emt 0:04:15]} Na4 {[%emt 0:02:22]} 54. Nh7+ {[%emt 0:02:13]} Kg7 {[%emt 0:00:59]} 55. Ng5 {[%emt 0:00:04]} Nc5 {[%emt 0:00:19]} 56. Nc6 {[%emt 0:02:04]} N5xd3 {[%emt 0:05:24]} 57. Nxe6+ {[%emt 0:01:52]} Kf6 {[%emt 0:00:12]} 58. Nexd4 {[%emt 0:00:04]} exd4 {[%emt 0:01:23]} 59. Nxd4 {[%emt 0:00:02]} Ne5+ {[%emt 0:04:24]} 60. Ke3 {[%emt 0:00:48]} Nc4+ {[%emt 0:00:32]} 61. Kf3 {[%emt 0:00:36]} Nd3 {[%emt 0:00:19]} 62. Ke2 {[%emt 0:00:32]} Nc5 {[%emt 0:01:23]} 63. f3 {[%emt 0:00:19]} Ne6 {[%emt 0:01:25]} 64. Nc2 {[%emt 0:00:22]} Ke5 {[%emt 0:01:00]} 65. Nb4 {[%emt 0:00:47]} Nd4+ {[%emt 0:01:19]} 66. Kf2 {[%emt 0:00:51]} Nb2 {[%emt 0:01:36]} (66... Ke6 $15 67. g4 Ne5) 67. Ke3 {[%emt 0:02:34]} Nc4+ {[%emt 0:00:42]} 68. Kf2 {[%emt 0:00:44]} Ne6 {[%emt 0:00:29]} 69. Nc6+ {[%emt 0:01:09]} Kd6 {[%emt 0:00:07]} 70. Nb4 {[%emt 0:00:01]} Kc5 {[%emt 0:00:46]} 71. Nc2 {[%emt 0:00:25]} Nd4 {[%emt 0:00:22]} 72. Ne1 {[%emt 0:00:04]} Ne5 {[%emt 0:00:39]} 73. Ke3 {[%emt 0:00:32]} Ne6 {[%emt 0:00:28]} 74. Ng2 {[%emt 0:00:51]} Kc4 {[%emt 0:02:08]} 75. Ne1 $2 {[%emt 0:02:38]} (75. Nf4 $11 {und Weiss steht sicher.} Nf8 76. g4) 75... Kc3 {[%emt 0:00:28]} 76. Ng2 {[%emt 0:00:23]} Nc4+ {[%emt 0:00:19]} 77. Kf2 {[%emt 0:00:16]} Kd2 {[%emt 0:00:48]} 78. f4 {[%emt 0:00:10]} Nd6 {[%emt 0:02:08]} 79. e5 {[%emt 0:00:43]} Nf5 {[%emt 0:00:14]} 80. Ne1 {[%emt 0:01:04]} Ned4 {[%emt 0:00:53]} (80... Nfd4 $142 81. Nf3+ Nxf3 82. Kxf3 Kd3) 81. Ng2 {[%emt 0:00:03]} Kd3 {[%emt 0:00:22]} 82. Ne1+ {[%emt 0:00:12]} Ke4 {[%emt 0:00:12]} 83. Ng2 {[%emt 0:00:13]} Ne6 {[%emt 0:00:53]} 84. Ne1 {[%emt 0:00:16]} Nh6 {[%emt 0:00:22]} 85. Kg2 {[%emt 0:02:10]} Ng4 {[%emt 0:00:17]} 86. Nf3 {[%emt 0:00:08]} Ke3 {[%emt 0:00:54]} 87. Ng1 {[%emt 0:00:46]} Nd4 $2 {[%emt 0:00:37]} 88. Nh3 {[%emt 0:00:34]} Ke2 {[%emt 0:00:45]} 89. Ng1+ {[%emt 0:00:01]} Ke3 {[%emt 0:00:50]} 90. Nh3 {[%emt 0:00:03]} Nf3 {[%emt 0:00:42]} 91. Kf1 {[%emt 0:00:44]} Ke4 {[%emt 0:00:39]} 92. Ke2 {[%emt 0:00:35]} (92. e6 $142 Ne3+ 93. Kf2) 92... Nd4+ {[%emt 0:00:10]} 93. Kf1 {[%emt 0:00:10]} Kf3 {[%emt 0:00:09]} 94. Ng5+ {[%emt 0:01:14]} Kxg3 {[%emt 0:00:09]} 95. e6 {[%emt 0:00:11]} Ne3+ {[%emt 0:00:20]} 96. Ke1 {[%emt 0:00:46]} Nef5 {[%emt 0:00:15]} 97. Kd2 Kxf4 {[%emt 0:00:25]} 98. Kd3 {[%emt 0:01:17]} Ke5 {[%emt 0:00:27]} 99. Kd2 {[%emt 0:01:09]} Nxe6 {[%emt 0:00:08]} 100. Nf3+ {[%emt 0:00:33]} Kf4 {[%emt 0:00:08]} 101. Ke2 {[%emt 0:00:07]} Ned4+ {[%emt 0:00:06]} 0-1